000 00757nam a2200229Ii 4500
003 JO-AjNU
008 230605s9999||||xx |||||||||||||| ||und||
017 _a2000/17467
020 _a977-04-3172-9
040 _aJO-AjNU
_bara
_erda
_cJO-AjNU
041 _aara
050 1 4 _aK600.S2422.2000
100 3 _a سلامة، احمد عبد الكريم ,
_eauthor
_945948
245 0 0 _aالقانون الدولى الخاص الالكتروني . السياحي . البيئى
250 _aط1
264 3 1 _aالقاهرة : دار النهضة العربية ، 2000
300 _a303ص
336 _atext
_btxt
_2rdacontent
337 _aunmediated
_bn
_2rdamedia
338 _avolume
_bnc
_2rdacarrier
650 4 _aقانون دولي خاص
_945949
999 _aA19954
_c23522
_d23522